Quizzes
Events
Quiz Creation
Community
Videos
Private Events
Remove Ads
Sign In
Join for FREE
Feedback
Dark Mode
Quiz Categories
Sports
Geography
Music
Movies
Television
Just For Fun
Miscellaneous
History
Literature
Language
Science
Gaming
Entertainment
Religion
Holiday
For Kids
Quiz Lab
Recent
Popular Today
Quiz Kudos Today
Editor Picks
Curator Picks
Quizzes by...
Day
Popularity
Type
Ratings
Length
Year
Community
Subscriptions
Recent Discussions
Orange Saloon
Badges
Playlists
Quests
Create
Leaderboards
Showdown
Live 5
Trivia Bingo
Activity
Puzzle Library
Sporcle Events
Private Events
Virtual Trivia
Globe League
Become a Host
Pub Owners
SporcleCon
Opinionation
Our Games
Videos
Blog
Mobile Apps
Partnerships
Remove Ads and Go Orange
Feedback
Television
TV Characters
TV Show
Sitcom
Network
Friends
Reality Shows
Cast
South Park
Star Trek
The Simpsons
Doctor Who
Television
TV Characters
TV Show
Sitcom
Network
Friends
Reality Shows
Cast
South Park
Star Trek
The Simpsons
Doctor Who
Random Quiz
Search Sporcle
×
Quiz Lab
Quiz Lab
Television
Sherlock
Type in answers that appear in a list
Type in answers that appear in a list
Classic
Best Score? Go Orange.
Sherlock hound of Baskerville trivia Stats
Can you name the Sherlock hound of Baskerville trivia?
By
megster137
17m
59 Questions
258 Plays
258 Plays
258 Plays
Comments
Comments
Give Quiz Kudos
Give Quiz Kudos
-
- Ratings
hide this ad
Replay
Link that replays current quiz
Next Quiz
Link to next quiz in quiz playlist
You Got
0%
They Got
Avg Score
49%
Avg Friend Score
Upgrade to see
Score Distribution
Jump to the score distribution portion of the page
Score
0/59
Timer
17:00
0
Plays Today
Questions
% Correct
Who shoots the dog?
Lestrade and John
85.3%
Who does not make it to the hollow?
John Watson
84.9%
Who gets looked into a lab?
John
84.9%
Sherlock: 'John-
I need some, get me some.' Some what?
Cigarettes
81%
What is Sherlock holding when we first see him in this episode?
A Harpoon
79.8%
How did Sherlock try to drug John?
With a cup of coffee. 'I don't take sugar'
77.1%
How many friends does Sherlock have?
one
74%
If Sherlock wanted poetry what would he read?
John's e-mails to his girlfriends
72.1%
Sherlock: 'Get out, I need to go to my _
_
.'
mind palace
72.1%
Which two words do Henry repeatedly see?
Liberty in
70.5%
Why does Sherlock change his mind about taking the case?
The use of the word 'hound'
70.2%
Who turns up unexpectedly to check up on the lads?
Lestrade
69%
What item allows Sherlock to make deductions about Henry's train ride?
Napkin
68.2%
What is written on the walls of Jim Moriarty's cell?
Sherlock
66.7%
When Henry is kept awake by his garden lights what does he grab?
A gun
65.9%
What did Sherlock experience that he had never before?
doubt
65.5%
Where does he wait for help?
In an animal cage
64%
How much was the bet for?
£50
63.6%
What is the name of the Dr who works with genes?
Dr Stapleton
60.9%
What is the drug in?
The fog
60.9%
What did Henry try to do to Louise Mortimer?
Shoot her
60.5%
What was causing the flashing light?
A rocking car
59.7%
What is Major Barimore's password?
Maggie
59.3%
What connects Sherlock and this Dr?
Bluebell
58.1%
Who does Sherlock see under the gas mask?
Jim Moriarty
56.2%
How do Sherlock and John get into Baskerville?
Mycroft's ID
55.4%
How does Fletcher settle the bet?
Imprint of a large paw print
54.7%
What animal provides the gene used for Bluebell?
Jellyfish
53.9%
John gets described as Sherlock's what by Bob Franklin?
Live-in PA
51.6%
What catches John's eye when they go to the moor?
A light flashing Morse code
49.6%
Questions
% Correct
What is 'the only true freedom'?
death
46.5%
What does Sherlock say will never happen again?
Him making a mistake
46.5%
Why was Bluebell 'like a fairy'?
It turned luminous
44.6%
Dr Mortimer: 'You're only a nutter if you're _
'
wrong
43.8%
How does Sherlock convince John to interview Louise Mortimer?
Texting him a picture of her
42.6%
What does Sherlock initially not admit to?
seeing the hound
41.9%
How does Sherlock know that the man in the restaurant was a fisherman?
Fish-hook scaring on his knuckles
40.7%
What odd symbol is on the map of Dartmoor?
Skull and cross bones
38%
What happens to Bob Franklin?
He stands on a mine
38%
How does Sherlock try to get information from John?
Giving him next week's lottery numbers
37.2%
Where does Sherlock find John in the morning?
In the graveyard
37.2%
How does John think Sherlock try's to look cool?
By turning his coat collar up
36.4%
What does Sherlock borrow from Dr Stapleton?
A microscope
36.4%
What song does Sherlock think of?
Hound dog
36.4%
What does the soldior at Baskerville claim is in the basement?
The bins
35.3%
Why does Henry go to the hollow?
To shoot himself
34.5%
What was the name of the terrier they owned?
Whiskey
34.1%
What did Sherlock do his experiments in?
Laboratory conditions
27.5%
How did he actually get drugged?
A leaking pipe
27.1%
What does he do to try and get out?
Phone Sherlock
26%
Why did the hound apear to have red eyes?
The gas mask had red eyes
26%
Sherlock:'Shall I make you some coffee. Oh look you've got _
!'
damp
25.6%
What was the old lady eating?
Pavlova
25.2%
What is the name of the Inn that Sherlock and John stay in?
The Cross Keys
21.3%
What question does John ask about the rabbits?
Why?
17.1%
What is John eating the next morning?
Full English
16.7%
What is Sherlock bad at?
Timing
15.5%
What village does Henry Knight live in?
Grimpen
14%
What is Sherlock's 'plan'?
Take Henry out onto the moor and see if anything attacks him
1.2%
Quiz Playlist
Details
Report
Send in Message
Add To Playlist
Classic:
Type in answers that appear in a list
Last Updated: Feb 16, 2017
Quiz Scoreboard
CHALLENGE
Sign Up to Join the Scoreboard
Show All
Scores
Hide
Comments
May contain spoilers
Recently Published
Movies - When Are They Set?
by FPL_Elf
Movies
5m
Popular People in 1961
by mucciniale
History
6m
1-10 Letter E Words III
by El_Dandy
Language
2m
More to Explore
Quiz From the Vault
Featured Blog Post
Where Did the Easter Bunny Come From?
hide this ad
You Might Also Like...
Tags
hound
Sherlock
Today's Top Quizzes in Television
Browse Television
hide this ad
Today's Top Quizzes in Sherlock
Browse Sherlock
Top Contributed Quizzes in Television
1
One Piece Logic Puzzle
2
Survivor Logic Puzzle: Heroes vs. Villains
3
Survivor Seasons
4
Survivor Season by Logo
5
Survivor Trivia
6
Survivor Logic Puzzle: Winners at War
7
Ultimate Survivor Logic Puzzle
8
Phoebe Buffay Quotes
9
One Thing in Common: Television
10
Who Wants to Be a Millionaire?
Explore More
Trending Topics
Disney
Anime
Kpop
Harry Potter
NBA
Marvel
Crossword
The Office
Country
WWE
Song
Pokémon
Puzzle
NFL
Soccer
hide this ad
More By:
megster137
Quiz
Plays
Rating
Category
Featured
Created
Sherlock's long deduction- the hound of baskerville(1)
1,037
4.33
Television
Jul 26, 2012
Sherlock- A Scandal in Belgravia trivia
899
3.40
Television
Jul 25, 2012
Sherlock's Henry Knight deduction
706
5.00
Television
Jul 26, 2012
Sherlock's long deduction- the hound of baskerville(2)
564
4.25
Television
Jul 26, 2012
Sherlock hound of Baskerville trivia
258
3.00
Television
Jul 28, 2012
Go to Creator's Profile
Score Distribution
Quiz Creator Spotlight
megster137
Follow
Send a Message
Quizzes Created
-
Created Quiz Play Count
-
More By This Creator
Popular Quizzes Today
1
Find the US States - No Outlines Minefield
2
Find the Countries of Europe - No Outlines Minefield
3
The Countries of the World
4
Popular People in 1961
5
1-10 Letter E Words III
6
US States
7
Find the US States
8
One Thing in Common: World Cities II
More Television Quizzes
100 Shows, 100 Halloween Episodes
Editor's Pick
Trending Quizzes
Risky Map Clicking: Least Populous States A-Z
1-10 Letter F Words
1-10 Letter G Words
One Thing in Common: United Kingdom
Risky Map Clicking: Next State Alphabetically
Recently Updated
Leaping Animals
pecheneg
Reality TV Shows (A-Z)
bhenderson79
Rickey Henderson's Hall of Fame Teammates
pecheneg
Champions League XIs: Arsenal
pecheneg
Quick Pick: Celebrities in WWE's Hall of Fame
aduchscher
A-Z Keypad Blitz II
pecheneg
Multiple Oscar Actors
pecheneg
Mystery Phrase Blitz: Oscar 'Best Actors'
pecheneg
F. Scott Fitzgerald Novels
LTH
Pick 3 Villains
ddd62291
Trending Topics
Harry Potter
Anime
Kpop
NBA
Disney
Marvel
Crossword
NFL
Pokémon
Country
WWE
Soccer
Puzzle
Song
The Office
Your Account Isn't Verified!
In order to create a playlist on Sporcle, you need to verify the email address you used during registration. Go to your
Sporcle Settings
to finish the process.
Report this User
Report this user for behavior that violates our
Community Guidelines
.
Details:
Send Report
Go to the Sporcle.com Mobile Site →
Comments